书目信息 |
| 题名: |
现代乌干达形成
|
|
| 作者: | 英厄姆 著 ;钟丘 译 | |
| 分册: | ||
| 出版信息: | 北京 商务印书馆 1973.09 |
|
| 页数: | 441页 | |
| 开本: | 20cm | |
| 丛书名: | ||
| 单 册: | ||
| 中图分类: | K426 | |
| 科图分类: | ||
| 主题词: | 东非--历史 | |
| 电子资源: | ||
| ISBN: | ||
| 000 | 00634nam0 2200229 45 | |
| 001 | 0212171480 | |
| 005 | 20031219104102.3 | |
| 010 | @dCNY1.30 | |
| 091 | @a11017.291 | |
| 100 | @a20021217d1973 km y0chiy0120 ea | |
| 101 | 0 | @achi |
| 105 | @a z 001yy | |
| 200 | 1 | @a现代乌干达形成@AXian Dai Wu Gan Da Xing Cheng@f(英)肯尼斯·英厄姆著@F(Ying)Ken Ni Si·Ying E Mu Zhu@g钟丘译 |
| 210 | @a北京@c商务印书馆@d1973.09 | |
| 215 | @a441页@d20cm | |
| 300 | @a内部读物 | |
| 606 | 0 | @a东非@x历史 |
| 690 | @aK426@v3 | |
| 701 | 0 | @a英厄姆@4著 |
| 702 | 0 | @a钟丘@AZhong Qiu@4译 |
| 801 | @aCN@bTSTC@c20021217 | |
| 905 | @f1@b219185@dK426@e5 | |
| 现代乌干达形成/(英)肯尼斯·英厄姆著/钟丘译.-北京:商务印书馆,1973.09 |
| 441页;20cm |
| 内部读物 |
| ISBN :CNY1.30 |
| ● |
| 相关链接 |
|
|
|
|
正题名:现代乌干达形成
索取号:K426/5
 
预约/预借
| 序号 | 登录号 | 条形码 | 馆藏地/架位号 | 状态 | 备注 |
| 1 | 0219185 | 001737053 | 第二样本阅览室/ [索取号:K426/5] | 在馆 |